000 00855cab a22002055a 4500
001 L152461
008 110309e20111112xxk 000 0 eng d
035 _a(Sirsi) u152461
041 0 _aeng
100 1 _aMorris, Colin
245 0 0 _aCountry focus
_bSaudi Arabia
260 _c2011
490 _aBuilding
_v276 (8668) 4 March 2011, 50-52(3)
520 _aLooks at the investment opportunities which are due to Saudi Arabia's growing economy and population; snapshot look at the construction sector, the economy, commodity prices, first quarter 2011 costs (£m2), key data for Saudi Arabia; concludes that there is likely to be an increased level of government and private sector investment in construction.
590 _aKA
651 4 _aSaudi Arabia
690 _aBUILT ENVIRONMENT-CONSTRUCTION MARKET
710 _aEC Harris
_94930
942 _n0
999 _c82976
_d82976